The FBI and the KKK : (Record no. 616076)

MARC details
000 -LEADER
fixed length control field 00493nam a2200193 a 4500
008 - FIXED-LENGTH DATA ELEMENTS--GENERAL INFORMATION
fixed length control field 260227s2009##################000#0#eng##
020 ## - INTERNATIONAL STANDARD BOOK NUMBER
ISBN 9780786440726
082 04 - DEWEY DECIMAL CLASSIFICATION NUMBER
Classification number 322.420973
Item number NEW
100 1# - MAIN ENTRY--AUTHOR NAME
Personal name Newton, Michael,
245 10 - TITLE STATEMENT
Title The FBI and the KKK :
260 ## - PUBLICATION, DISTRIBUTION, ETC. (IMPRINT)
Name of publisher McFarland,
Year of publication 2009.
300 ## - PHYSICAL DESCRIPTION
Number of Pages 249 pages
650 #0 - SUBJECT ADDED ENTRY--TOPICAL TERM
Topical Term Social Science.
942 ## - ADDED ENTRY ELEMENTS (KOHA)
Koha item type English Books
Holdings
Withdrawn status Lost status Damaged status Not for loan Home library Current library Shelving location Date acquired Full call number Accession Number Price effective from Koha item type
        Anna Centenary Library Anna Centenary Library 3RD FLOOR, B WING 27.02.2026 322.420973 NEW 347209 27.02.2026 English Books

Find us on the map